| 000 | 00478 a2200145 4500 | ||
|---|---|---|---|
| 020 | _a1853262404 (paperback) | ||
| 020 | _a9781853262401 (paperback) | ||
| 090 |
_c4699 _d4699 |
||
| 100 | 1 | _aConrad, Joseph. | |
| 245 | 1 | 0 |
_aHeart of darkness and other stories / _cJoseph Conrad. |
| 260 |
_a[S.l.] : _bWordsworth Books, _c1999. |
||
| 300 | _a1 v. (unpaged) | ||
| 856 | 4 | 0 |
_3Amazon.com _uhttp://www.amazon.com/exec/obidos/ASIN/B000KIAV4W/chopaconline-20 |
| 942 |
_aNBS _cBK _k823.9 CON |
||
| 999 |
_c347132 _d347132 |
||